000 00523cam a2200145 4500500
005 20251228051651.0
041 _afre
042 _adc
100 1 0 _aLabey, Gildas
_eauthor
245 0 0 _aSophie Nordmann La vocation de philosophe Puissance de la mise en question. Calmann-Lévy, 2025, 300 pages, 20,90 €.
260 _c2025.
500 _a79
786 0 _nÉtudes | 4332 | 12 | 2025-11-24 | p. 134-134 | 0014-1941
856 4 1 _uhttps://shs.cairn.info/revue-etudes-2025-12-page-134?lang=fr&redirect-ssocas=7080
999 _c1582027
_d1582027